Piłka nożna - quiz dla prawdziwych kibiców 1 - Statystyki

Ogólne statystyki
  • Ten quiz został rozwiązany 2 685 razy
  • Średni wynik to 10 z 15
Statystyki odpowiedzi
Pytanie Odpowiedź Podpowiedź % Poprawnych
Gdzie odbędzie się Euro 2024? Niemcy Europa Środkowa
98%
Jaka drużyna ma najwięcej bramek w historii Ligi Mistrzów? Real Madryt 1047 bramek (15.07.2023)
96%
Która reprezentacja wygrała pierwsze mistrzostwa świata w Urugwaju,1930? Urugwaj Ameryka Południowa
95%
Ile razy Belgia wygrała mistrzostwo świata? Zero / 0 --------------
80%
W ilu klubach grał Zlatan Ibrahimović? Dziewięć / 9 Szwecja, Holandia, Włochy, Hiszpania, Francja, Stany Zjednoczone, Anglia
79%
Na jakim stadionie odbędzie się finał Ligi Mistrzów w sezonie 2023/24? Wembley stadium W Anglii
71%
Jak nazywa się najdroższy Azjatycki piłkarz w historii? Heung-min Son Najwyższa wartość: 90 mln.
69%
Jak nazywa się trener, który nazywany był przez Cristano Ronaldo "piłkarskim ojcem"? Alex Ferguson Pochodzi ze Szkocji.
62%
Ile razy finał Ligi Mistrzów rozgrywany był w Wielkiej Brytanii? (bez 2023/24) Dwanaście / 12 Anglia, Walia, Szkocja
62%
Który klub pobił rekord wydanych pieniędzy w jednym oknie transferowym? Chelsea ~600 mln
53%
Na czym Lionel Messi podpisał swój pierwszy profesjonalny kontrakt? Serwetka Używana w restauracji.
52%
Jak nazywa się pierwszy klub, który prowadził Jürgen Klopp? FSV Mainz Bundesliga
46%
Jaki zawodnik strzelił najszybszego hat-tricka w historii Premier League? Sadio Mané 2 minuty i 56 sekund, 2015r.
35%
Która włoska drużyna ma na swoim stadionie zamek? (Serie A) Bologna Barwy drużyny to: granatowy i czerwony.
29%
Jaki zawodnik ma najwięcej bramek w historii Ligi Europy? (faza grupowa do finału) Radamel Falcao W tych rozgrywkach strzelał dla: Porto i Atlético Madryt.
26%
Nie znaleziono quizów pasujących do podanych kryteriów
Rozkład punktacji
Procent ludzi z każdym wynikiem
Percentyl według liczby udzielonych odpowiedzi
Twoja historia wyników
Nie rozwiązałeś tego quizu